| 000 | 00578pab a2200193 454500 | ||
|---|---|---|---|
| 008 | 180718b2001 xxu||||| |||| 00| 0 eng d | ||
| 100 | _aSidhu, Waheguru Pal Singh | ||
| 245 | _aResolving the Sino-Indian border dispute: building confidence through cooperative monitoring | ||
| 260 | _c2001 | ||
| 300 | _ap.351-76 | ||
| 362 | _aMar-Apr | ||
| 650 | _aInternational relations | ||
| 650 | _aIndia - Foreign relations - China | ||
| 650 | _aIndia - Boundaries - China | ||
| 650 | _aBoundary disputes | ||
| 700 | _aYuan, Jing-dong | ||
| 773 | _aAsian Survey | ||
| 909 | _a49040 | ||
| 999 |
_c49040 _d49040 |
||